Learning Resource and Development

Physics / (Record no. 30922)

MARC details
000 -LEADER
fixed length control field 02395cam a2200361 i 4500
001 - CONTROL NUMBER
control field 20780983
003 - CONTROL NUMBER IDENTIFIER
control field CSPC
005 - DATE AND TIME OF LATEST TRANSACTION
control field 20251126142956.0
008 - FIXED-LENGTH DATA ELEMENTS--GENERAL INFORMATION
fixed length control field 181214s2020 nyua 001 0 eng
010 ## - LIBRARY OF CONGRESS CONTROL NUMBER
LC control number 2018055989
020 ## - INTERNATIONAL STANDARD BOOK NUMBER
International Standard Book Number 9781260570052
Qualifying information paperback
035 ## - SYSTEM CONTROL NUMBER
System control number 20780983
040 ## - CATALOGING SOURCE
Original cataloging agency DLC
Language of cataloging eng
Transcribing agency DLC
Description conventions rda
Modifying agency DLC
-- CSPC
042 ## - AUTHENTICATION CODE
Authentication code pcc
050 00 - LIBRARY OF CONGRESS CALL NUMBER
Classification number QC21.3
Item number .G537 2020
082 00 - DEWEY DECIMAL CLASSIFICATION NUMBER
Classification number 530
Item number G347p
Edition number 23
100 1# - MAIN ENTRY--PERSONAL NAME
Personal name Giambattista, Alan,
Relator term author.
245 10 - TITLE STATEMENT
Title Physics /
Statement of responsibility, etc. Alan Giambattista.
250 ## - EDITION STATEMENT
Edition statement Fifth edition.
264 #1 - PRODUCTION, PUBLICATION, DISTRIBUTION, MANUFACTURE, AND COPYRIGHT NOTICE
Place of production, publication, distribution, manufacture New York, NY :
Name of producer, publisher, distributor, manufacturer McGraw-Hill Education,
Date of production, publication, distribution, manufacture, or copyright notice 2020.
300 ## - PHYSICAL DESCRIPTION
Extent xxvi, 1203 pages :
Other physical details color illustrations ;
Dimensions 27 cm.
336 ## - CONTENT TYPE
Content type term text
Content type code txt
Source rdacontent
337 ## - MEDIA TYPE
Media type term unmediated
Media type code n
Source rdamedia
338 ## - CARRIER TYPE
Carrier type term volume
Carrier type code nc
Source rdacarrier
500 ## - GENERAL NOTE
General note Includes index.
505 0# - FORMATTED CONTENTS NOTE
Formatted contents note Introduction -- Part One. Mechanics -- Motion along a line -- Motion in a plane -- Force and Newton's laws of motion -- Circular motion -- Conservation of energy -- Linear momentum -- Torque and angular momentum -- Fluids -- Elasticity and oscillations -- Waves -- Sound -- Part Two. Thermal physics -- Temperature and the ideal gas -- Heat -- Thermodynamics -- Part Three. Electromagnetism -- Electric forces and fields -- Electric potential -- Electric current and circuits -- Magnetic forces and fields -- Electromagnetic induction -- Alternating current -- Part Four. Electromagnetic waves and optics -- Electromagnetic waves -- Reflection and refraction of light -- Optical instruments -- Interference and diffraction -- Part Five. Quantum and particle physics and relativity -- Relativity -- Early quantum physics and the photon -- Quantum physics -- Nuclear physics -- Particle physics.
520 ## - SUMMARY, ETC.
Summary, etc. "Physics presents the basic concepts of physics that students need to know for later courses and future careers. This text helps students learn that physics is a tool for understanding the real world, and to teach transferable problem-solving skills, that students can use throughout their entire lives." -- Worldcat
650 #0 - SUBJECT ADDED ENTRY--TOPICAL TERM
Topical term or geographic name entry element Physics
General subdivision Textbooks.
906 ## - LOCAL DATA ELEMENT F, LDF (RLIN)
a 7
b cbc
c orignew
d 1
e ecip
f 20
g y-gencatlg
942 ## - ADDED ENTRY ELEMENTS (KOHA)
Source of classification or shelving scheme Dewey Decimal Classification
Koha item type Books
Edition 23
Classification part 530
Item part G347p
Call number prefix CIR
Call number suffix 2020
Suppress in OPAC No
Holdings
Withdrawn status Lost status Source of classification or shelving scheme Damaged status Not for loan Home library Current library Shelving location Date acquired Total Checkouts Full call number Barcode Date last seen Copy number Price effective from Koha item type
    Dewey Decimal Classification     Main Library Main Library Circulation Section 11/25/2025   CIR 530 G347p 2020 030659 11/25/2025 1-1 11/25/2025 Books